LEADER 03550nam 2200769Ia 450 001 9911020085503321 005 20200520144314.0 010 $a9786610648894 010 $a9780470687512 010 $a0470687517 010 $a9781119208976 010 $a1119208971 010 $a9781280648892 010 $a1280648899 010 $a9780470034842 010 $a047003484X 035 $a(CKB)1000000000357057 035 $a(EBL)274393 035 $a(OCoLC)82332757 035 $a(SSID)ssj0000104699 035 $a(PQKBManifestationID)11127850 035 $a(PQKBTitleCode)TC0000104699 035 $a(PQKBWorkID)10100319 035 $a(PQKB)10646850 035 $a(MiAaPQ)EBC274393 035 $a(Perlego)1008278 035 $a(Perlego)2752221 035 $a(EXLCZ)991000000000357057 100 $a20060518d2006 uy 0 101 0 $aeng 135 $aur|n|---||||| 181 $ctxt 182 $cc 183 $acr 200 10$aApplied EI $ethe importance of attitudes in developing emotional intelligence /$fTim Sparrow and Amanda Knight 210 $aChichester, West Sussex, England ;$aSan Francisco, CA $cJossey-Bass$dc2006 215 $a1 online resource (330 p.) 300 $aDescription based upon print version of record. 311 08$a9780470032732 311 08$a0470032731 320 $aIncludes bibliographical references (p. [299]) and index. 327 $aCover; Contents; Who this book is for; Introduction; Acknowledgements; 1: Why EI now?; 2: IQ and EI; 3: What is Applied EI?; 4: The vital importance of attitude; 5: Optimising personal performance; 6: Measuring our personal EI; 7: Kind regards; 8: Facilitating EI development 1 - "Meeting"; 9: Body awareness; 10: Facilitating EI development 2 - "Being with"; 11: Managing oneself; 12: The art of relationship management; 13: Knowing oneself; 14: The emotionally intelligent organisation; 15: EI in leadership; 16: EI for teams; 17: Assessing EI; 18: The EI practitioner 327 $aAppendix: Contact informationThe CAEI; The CAEI's strategic partners; Further reading; Index 330 $aA decade on from its birth, emotional intelligence is attracting more attention than ever before. Why? Because of its proven connection to performance. Tomorrow's leaders will have to be facilitators who work collaboratively to help others develop their potential, and this will require emotionally intelligent skills and attitudes. Against this landscape, Applied EI provides the tools and advice needed to develop and manage a relationship with yourself and create positive relationships with others - the twin cornerstones of emotional intelligence. We're all capable of acting with emotional in 517 3 $aApplied E.I. 517 3 $aApplied emotional intelligence 606 $aEmployees$xCoaching of 606 $aEmotional intelligence$xStudy and teaching 606 $aAttitude (Psychology) 606 $aAdaptability (Psychology) 606 $aManagement$xPsychological aspects 615 0$aEmployees$xCoaching of. 615 0$aEmotional intelligence$xStudy and teaching. 615 0$aAttitude (Psychology) 615 0$aAdaptability (Psychology) 615 0$aManagement$xPsychological aspects. 676 $a658.382 676 $a658.4092 700 $aSparrow$b Tim$0993164 701 $aKnight$b Amanda$f1964-$0993165 801 0$bMiAaPQ 801 1$bMiAaPQ 801 2$bMiAaPQ 906 $aBOOK 912 $a9911020085503321 996 $aApplied EI$92274157 997 $aUNINA LEADER 04285nam 22008055 450 001 9910298612603321 005 20200706030523.0 010 $a3-319-03467-7 024 7 $a10.1007/978-3-319-03467-6 035 $a(CKB)3710000000355387 035 $a(EBL)1967871 035 $a(SSID)ssj0001451971 035 $a(PQKBManifestationID)11785818 035 $a(PQKBTitleCode)TC0001451971 035 $a(PQKBWorkID)11479579 035 $a(PQKB)10602323 035 $a(DE-He213)978-3-319-03467-6 035 $a(MiAaPQ)EBC1967871 035 $z(PPN)258856459 035 $a(PPN)184498821 035 $a(EXLCZ)993710000000355387 100 $a20150204d2015 u| 0 101 0 $aeng 135 $aur|n|---||||| 181 $ctxt 182 $cc 183 $acr 200 10$aFlame Retardants $ePolymer Blends, Composites and Nanocomposites /$fedited by P. M. Visakh, Yoshihiko Arao 205 $a1st ed. 2015. 210 1$aCham :$cSpringer International Publishing :$cImprint: Springer,$d2015. 215 $a1 online resource (321 p.) 225 1 $aEngineering Materials,$x1612-1317 300 $aDescription based upon print version of record. 311 $a3-319-03466-9 320 $aIncludes bibliographical references. 327 $a1 Advances in flame retardant of different types of nanocomposites -- 2 Flame retardancy of polymer nanocomposite -- 3 Recent develepments in different tequnics used for the flame retardency -- 4 Recent development of phosphorus flame retardants in thermoplastic blends and nanocomposites -- 5 A review of Non-Halogen Flame Retardants in Epoxy-based composites and Nanocomposites: Flame Retardancy and Rheological Properties -- 6 Flame retardant/resistant based nanocomposites in textile -- 7 Flame retardants in bitumens and nanocomposites -- 8 Fire retardant for phase change material -- 9 Flame retardants used for textile finishing applications -- 10 Flame retardant of cellulosic materials and their composites. 330 $aThis book summarizes comprehensively many recent technical research accomplishments in the area of flame retardant research. It presents mainly flame retardant studies of polymer blends, composites and nanocomposites such as rubber, thermosets and thermoplastics. This book discusses different types of flame retardant using in polymers especially nanocomposites, as well as the role and chemistry. Leading researchers from industry, academy, government and private research institutions across the globe contribute to this book. Academics, researchers, scientists, engineers and students in research and development will benefit from an application-oriented book that helps them to find solutions to both fundamental and applied problems. 410 0$aEngineering Materials,$x1612-1317 606 $aMaterials science 606 $aThermodynamics 606 $aHeat engineering 606 $aHeat$xTransmission 606 $aMass transfer 606 $aPolymers 606 $aNanotechnology 606 $aCharacterization and Evaluation of Materials$3https://scigraph.springernature.com/ontologies/product-market-codes/Z17000 606 $aEngineering Thermodynamics, Heat and Mass Transfer$3https://scigraph.springernature.com/ontologies/product-market-codes/T14000 606 $aPolymer Sciences$3https://scigraph.springernature.com/ontologies/product-market-codes/C22008 606 $aNanotechnology$3https://scigraph.springernature.com/ontologies/product-market-codes/Z14000 615 0$aMaterials science. 615 0$aThermodynamics. 615 0$aHeat engineering. 615 0$aHeat$xTransmission. 615 0$aMass transfer. 615 0$aPolymers. 615 0$aNanotechnology. 615 14$aCharacterization and Evaluation of Materials. 615 24$aEngineering Thermodynamics, Heat and Mass Transfer. 615 24$aPolymer Sciences. 615 24$aNanotechnology. 676 $a541.2254 676 $a620.11 676 $a620115 676 $a621.4021 702 $aVisakh$b P. M$4edt$4http://id.loc.gov/vocabulary/relators/edt 702 $aArao$b Yoshihiko$4edt$4http://id.loc.gov/vocabulary/relators/edt 906 $aBOOK 912 $a9910298612603321 996 $aFlame Retardants$91919604 997 $aUNINA